Language Quiz

Random Language or Country Quiz

Countries With the Most Languages Quiz Stats

 Plays Quiz Updated Jan 3, 2015

Score 0/20 Timer 05:00
11 Plays Today
Languages Country % Correct
301China
95.8%
420United States
93.7%
454India
90.4%
139Russia
89.8%
228Brazil
85.8%
173Canada
82.3%
288Mexico
80.1%
244Australia
75.2%
707Indonesia
72.9%
529Nigeria
57.8%
Languages Country % Correct
146Malaysia
54.7%
215Democratic Republic of the Congo
53.3%
193Philippines
49.9%
838Papua New Guinea
42.3%
132Chad
36.1%
127Tanzania
31.8%
117Myanmar
29.5%
125Nepal
27.7%
281Cameroon
26.7%
116Vanuatu
8%

You're not logged in!

Compare scores with friends on all Sporcle quizzes.
OR
Log In

Sporcle TV

Today on Sporcle TV


Watch our educational content, quiz creation guides, and fun videos on Sporcle TV.

Show Comments

Extras

Top Quizzes Today


Score Distribution

Your Account Isn't Verified!

In order to create a playlist on Sporcle, you need to verify the email address you used during registration. Go to your Sporcle Settings to finish the process.

Report this User

Report this user for behavior that violates our Community Guidelines.

Details: